Classical mechanics / (Record no. 6725)

MARC details
000 -LEADER
fixed length control field 01141cam a2200313 a 4500
001 - CONTROL NUMBER
control field 13477037
003 - CONTROL NUMBER IDENTIFIER
control field OSt
005 - DATE AND TIME OF LATEST TRANSACTION
control field 20200310090009.0
008 - FIXED-LENGTH DATA ELEMENTS--GENERAL INFORMATION
fixed length control field 040202s2004 enka b 001 0 eng
010 ## - LIBRARY OF CONGRESS CONTROL NUMBER
LC control number 2004044010
020 ## - INTERNATIONAL STANDARD BOOK NUMBER
International Standard Book Number 1860944248 (alk. paper)
020 ## - INTERNATIONAL STANDARD BOOK NUMBER
International Standard Book Number 1860944353 (pbk. : alk paper)
035 ## - SYSTEM CONTROL NUMBER
System control number (OCoLC)ocm54415965
040 ## - CATALOGING SOURCE
Original cataloging agency DLC
Transcribing agency DLC
Modifying agency C#P
-- MUQ
-- BAKER
-- NLGGC
-- DLC
050 00 - LIBRARY OF CONGRESS CALL NUMBER
Classification number QA805
Item number .K5 2004
082 ## - DEWEY DECIMAL CLASSIFICATION NUMBER
Classification number 531
Item number KIB 2004
084 ## - OTHER CLASSIFICATION NUMBER
Number source bcl
100 1# - MAIN ENTRY--PERSONAL NAME
Personal name Kibble, Tom W. B.
9 (RLIN) 4082
245 10 - TITLE STATEMENT
Title Classical mechanics /
Statement of responsibility, etc. Tom W.B. Kibble, Frank H. Berkshire.
250 ## - EDITION STATEMENT
Edition statement 5th ed.
260 ## - PUBLICATION, DISTRIBUTION, ETC. (IMPRINT)
Place of publication, distribution, etc. London :
Name of publisher, distributor, etc. Imperial College Press ;
Place of publication, distribution, etc. River Edge, NJ :
Name of publisher, distributor, etc. Distributed by World Scientific Pub.,
Date of publication, distribution, etc. 2004.
300 ## - PHYSICAL DESCRIPTION
Extent xx, 478 p. :
Other physical details ill. ;
Dimensions 24 cm.
504 ## - BIBLIOGRAPHY, ETC. NOTE
Bibliography, etc Includes bibliographical references (p. 463-464) and index.
650 #0 - SUBJECT ADDED ENTRY--TOPICAL TERM
Topical term or geographic name as entry element Mechanics, Analytic.
9 (RLIN) 8036
700 1# - ADDED ENTRY--PERSONAL NAME
Personal name Berkshire, F. H.
Fuller form of name (Frank H.)
9 (RLIN) 13812
906 ## - LOCAL DATA ELEMENT F, LDF (RLIN)
a 7
b cbc
c orignew
d 1
e ocip
f 20
g y-gencatlg
942 ## - ADDED ENTRY ELEMENTS (KOHA)
Source of classification or shelving scheme Dewey Decimal Classification
Koha item type Open Shelf
Holdings
Withdrawn status Lost status Source of classification or shelving scheme Damaged status Not for loan Home library Current library Date acquired Source of acquisition Inventory number Total Checkouts Full call number Barcode Date last seen Price effective from Koha item type
    Dewey Decimal Classification     MUST Main Library MUST Main Library 10/03/2020 Purchase 2008/29512   531 KIB 2004 2020-0665 10/03/2020 10/03/2020 Open Shelf
    Dewey Decimal Classification     MUST Main Library MUST Main Library 19/06/2024 Purchase 12/35889   531 KIB 2004 2024-20865 19/06/2024 19/06/2024 Open Shelf